Extention du Bloc Wizard - Statistiques

Statistiques générales
  • Ce quiz a été pris 3 fois
  • Le résultat moyen est 7 sur 15
Statistiques - réponses
Réponse % Correct
Jungle
100%
Set de Base
100%
Expedition
50%
Fossile
50%
Gym Challenge
50%
Gym Heroes
50%
Neo Destiny
50%
Neo Discovery
50%
Neo Genesis
50%
Neo Revelation
50%
Team Rocket
50%
Aquapolis
0%
Base Set 2
0%
Legendary Collection
0%
Skyridge
0%
Aucun quiz correspondant
Distribution des résultats
% des personnes avec chaque résultat
Percentile par nombre de réponses
Votre historique - résultats
Vous n’avez pas pris ce quiz